[Event "CRO-chT2W"]
[Site "Croatia"]
[Date "2016.03.06"]
[Round "3.6"]
[White "Dujic, Davor"]
[Black "Odak, Bruno"]
[Result "1-0"]
[WhiteElo "1660"]
[BlackElo "1901"]
[PlyCount "125"]
[EventDate "2016.03.05"]
[EventType "team-tourn"]
[EventRounds "9"]
[EventCountry "CRO"]
[SourceTitle "CBM 171 Extra"]
[Source "ChessBase"]
[SourceDate "2016.04.26"]
[SourceVersion "1"]
[SourceVersionDate "2016.04.26"]
[SourceQuality "1"]
[WhiteTeam "Rijeka Junior"]
[BlackTeam "Rovinj Batana"]
[WhiteTeamCountry "CRO"]
[BlackTeamCountry "CRO"]

1. b3 e5 2. Bb2 Nc6 3. e3 d5 4. Be2 Nf6 5. Nf3 e4 6. Nd4 Nxd4 7. Bxd4 Be7 8. d3 0-0 9. Nd2 Bf5 10. 0-0 Rc8 11. dxe4 dxe4 12. c4 c5 13. Bb2 Qc7 14. h3 Rcd8 15. Qc2 Bg6 16. Rad1 Qc6 17. Nb1 a6 18. Nc3 Rfe8 19. Rxd8 Bxd8 20. Rd1 Bc7 21. Nd5 Nxd5 22. Rxd5 f6 23. Bg4 Re7 24. Qd1 Be8 25. h4 Bf7 26. Rd2 Be6 27. Bc3 Kf7 28. Bxe6+ Qxe6 29. Qh5+ Kf8 30. Qxc5 b6 31. Qd4 a5 32. Bb2 Be5 33. Qd8+ Kf7 34. Ba3 Re8 35. Qd7+ Kg6 36. g3 Qxd7 37. Rxd7 Re6 38. Kf1 f5 39. Ke2 Rc6 40. Rd5 Kf6 41. Kd2 h6 42. Bf8 Re6 43. Rd7 Kg6 44. a3 Rc6 45. h5+ Kxh5 46. Bxg7 Bd6 47. Bb2 Kg4 48. Ke2 b5 49. a4 bxa4 50. bxa4 Bb4 51. Rd4 Bc5 52. Rd5 Bf8 53. Rxa5 Rxc4 54. Bd4 Bb4 55. Rb5 Rc2+ 56. Kf1 Rc1+ 57. Kg2 Be1 58. Rb2 h5 59. Bf6 Rc6 60. Bd8 f4 61. exf4 Ra6 62. Rb5 Rg6 63. a5 1-0

[Event "CRO-chT2 West"]
[Site "Croatia"]
[Date "2014.03.30"]
[Round "6.36"]
[White "Valkovic, Kristian"]
[Black "Odak, Bruno"]
[Result "1-0"]
[WhiteElo "2052"]
[BlackElo "1973"]
[PlyCount "139"]
[EventDate "2014.03.15"]
[EventType "team-tourn"]
[EventRounds "9"]
[EventCountry "CRO"]
[SourceTitle "EXT 2019"]
[Source "ChessBase"]
[SourceDate "2018.10.10"]
[SourceVersion "1"]
[SourceVersionDate "2018.10.10"]
[SourceQuality "1"]
[WhiteTeam "Pula"]
[BlackTeam "Rovinj Batana"]
[WhiteTeamCountry "CRO"]
[BlackTeamCountry "CRO"]

1. d4 e6 2. Nf3 Nf6 3. Bf4 d5 4. e3 Bd6 5. Ne5 Bxe5 6. dxe5 Nfd7 7. Qg4 Kf8 8. Bg3 Nc6 9. f4 Ne7 10. Nc3 c6 11. 0-0-0 Nf5 12. Bf2 Qa5 13. Qf3 b5 14. g4 b4 15. Ne2 Ne7 16. Kb1 Bb7 17. f5 Nxe5 18. Qf4 f6 19. fxe6 N7g6 20. Qf5 Ne7 21. Qh5 Bc8 22. Nf4 h6 23. Nd3 g6 24. Qh4 g5 25. Qg3 Nxd3 26. Bxd3 Bxe6 27. Qd6 Kf7 28. Be1 Rhd8 29. Qg3 c5 30. Rf1 c4 31. Be2 Kg7 32. c3 b3 33. a3 Ng6 34. Qf3 Rf8 35. Rd4 Ne5 36. Qg3 Nc6 37. Rd1 Rae8 38. Qd6 Qb6 39. Bf2 Ne5 40. Qxb6 axb6 41. Rd4 b5 42. Bg3 Nc6 43. Bd6 Rf7 44. Rd2 f5 45. h3 fxg4 46. hxg4 Rxf1+ 47. Bxf1 Bxg4 48. Bc5 Rxe3 49. Bxe3 Bf5+ 50. Kc1 Be4 51. Bg2 Bxg2 52. Rxg2 Kg6 53. Kd2 Ne5 54. Bb6 h5 55. Ke3 Nd3 56. Bc7 g4 57. Bg3 Kg5 58. Rh2 Nc5 59. Bh4+ Kf5 60. Rf2+ Ke5 61. Bg3+ Ke6 62. Rh2 Nd3 63. Kd4 Kf6 64. Kxd5 Kg5 65. Kc6 h4 66. Bxh4+ Kf4 67. Kxb5 g3 68. Bxg3+ Kxg3 69. Rd2 Ne5 70. a4 1-0